Communication for business : a practical approach

Αποθηκεύτηκε σε:
Λεπτομέρειες βιβλιογραφικής εγγραφής
Κύριος συγγραφέας: Taylor, Shirley
Μορφή: Βιβλίο
Γλώσσα:English
Δημοσίευση: London : Pitman, 1993
Έκδοση:2nd ed.
Θέματα:
Ετικέτες: Προσθήκη ετικέτας
Δεν υπάρχουν, Καταχωρήστε ετικέτα πρώτοι!

MARC

LEADER 00000nam a2200000 i 4500
001 1/57486
008 980514s1993 eng d
020 |a 0273600354 
035 |l 10028200 
040 |a GR-MY-UA  |b gre  |e aacr 
041 0 |a eng 
082 0 |a 651.7 
100 1 |a Taylor, Shirley. 
245 1 0 |a Communication for business :  |b a practical approach /  |c Shirley Taylor 
250 |a 2nd ed. 
260 |a London :   |b Pitman,   |c 1993 
300 |a x, 278 σ. 
504 |a Περιλαμβάνει ευρετήριο 
650 0 0 |a Business communication. 
650 0 0 |a Letter writing. 
650 0 0 |a Visual communication. 
650 0 0 |a Telecommunication. 
852 |a INST  |b CHIOS  |e 19980514  |h 651.7 TAY  |p 005200016526  |q 005200016526  |t BK  |y 0 
901 |a BIBL-1998-2 
909 |a Χ  |b 054533 
922 |a 2ΕΛΗ  |b 199805  |c ΤΔΕ  |d ΠΑΠΑΣΩΤΗΡΙΟΥ